000 01135cam a22003377a 4500
003 CHAP
005 20220329141203.0
008 971010s1947 r 00010 d
010 _a64037
011 _a65009
035 _a71168
040 _cCHAP
090 _aTesis
100 0 0 _aRamírez González, Pascual.
_994032
245 1 4 _aLas estaciones nacionales de cría en la República y su urgente reorganización
260 _aChapingo, Méx. :
_bEl autor,
_c1947
300 _a91 h.
502 _aTesis (Ing. Agrónomo Esp. en Ganadería) -- ENA. Departamento de Zootecnia
590 _aALEPH
_b10
_c20130110
_lUCH01
_h1348
590 _aBATCH-UPD
_b10
_c20130110
_lUCH01
_h1226
590 _aBATCH-UPD
_b10
_c20130410
_lUCH01
_h0758
590 _aBATCH-UPD
_b10
_c20130914
_lUCH01
_h1500
590 _aCONVERSION
_b10
_c20130109
_lUCH01
_h1335
650 1 4 _aGanadería
_zMéxico.
_944867
901 _aBK
942 _cFOLL
949 _aR588
_bZ
_cTESBD
_d-3769
_eTS1
_h579
_i71168
_si
949 _bBC
_cTES
_d-149614
_eTS1
_i71168
_si
949 _bBC
_cTES
_d-149615
_eTS2
_fc.2
_i71168
_si
949 _bBC
_cTES
_d-149616
_eTS2
_fc.3
_i71168
_si
999 _c64037
_d64037